[Event "Pirgou Sphlios op 2nd"]
[Site "Greece"]
[Date "2007.08.19"]
[Round "7"]
[White "Papadopoulos, Theodoros"]
[Black "Makriniotis, Konstantinos"]
[Result "1-0"]
[WhiteElo "2075"]
[BlackElo "1640"]
[PlyCount "79"]
[EventDate "2007.08.16"]
[EventType "swiss"]
[EventRounds "7"]
[EventCountry "GRE"]
[SourceTitle "EXT 2008"]
[Source "ChessBase"]
[SourceDate "2007.11.25"]
[SourceVersion "1"]
[SourceVersionDate "2007.11.25"]
[SourceQuality "1"]

1. e4 c5 2. Nf3 e6 3. Be2 a6 4. 0-0 Qc7 5. d3 Nf6 6. c3 Be7 7. Nbd2 d6 8. h3 Nc6 9. Nh2 Bd7 10. Qc2 e5 11. a4 Nd8 12. Nc4 Ne6 13. Ng4 Nxg4 14. Bxg4 h5 15. Be2 Bc6 16. Qd1 g6 17. a5 Qd8 18. Be3 Qc7 19. Qd2 f6 20. Nb6 Rd8 21. f4 exf4 22. Bxf4 Nxf4 23. Qxf4 0-0 24. Qh6 Be8 25. d4 d5 26. Nxd5 Rxd5 27. exd5 cxd4 28. Bd3 Bc5 29. c4 Qg3 30. Rf3 Qg5 31. Qxg5 fxg5 32. Raf1 Kg7 33. Rxf8 Bxf8 34. b4 Bxb4 35. Rb1 Bxa5 36. Rxb7+ Kf6 37. c5 Bc3 38. Bxa6 Ba4 39. Bd3 Ke5 40. d6 1-0